Los Te deum del Cardenal Silva Henríquez en el régimen militar

保存先:
書誌詳細
第一著者: Cavallo Castro, Ascanio Raúl (著者)
フォーマット: 図書
言語:スペイン語
出版事項: Santiago Copygraph 1988
版:1a. ed
主題:
タグ: タグ追加
タグなし, このレコードへの初めてのタグを付けませんか!

MARC

LEADER 00000nam a2200000 a 4500
001 UCH4991
003 CL-VaPUC
008 090916e19880000CL |||||||||||||||||spa|d
082 0 4 |a 252.6  |b CAV  |2 21 
100 0 |a Cavallo Castro, Ascanio Raúl  |e author  |9 541097 
245 1 4 |a Los Te deum del Cardenal Silva Henríquez en el régimen militar 
250 |a 1a. ed 
300 |a 157 p 
942 |c BK 
945 |d 20090916 00:00:00  |a rbrito 
260 |a Santiago  |b Copygraph  |c 1988 
600 0 |a Silva Henríquez, Raúl  |9 257779 
650 7 |a HOMILIA  |2 CL-VaPUC  |9 541098 
650 7 |a SERMONES  |2 CL-VaPUC  |9 317687 
583 |a last modification  |c 20090916 00:00:00  |k Rodrigo Vera 
999 |c 336222  |d 336220 
952 |0 0  |1 0  |4 0  |6 252_600000000000000_CAV_1988  |7 0  |8 X  |9 427212  |a FDOBUD  |b FDOBUD  |d 2019-11-22  |i 4595947  |o 252.6 CAV 1988  |p 4595947  |r 2019-11-22  |w 2019-11-22  |y BK_X  |k BUD